000 00283nam a22001217a 4500
008 170905b xxu||||| |||| 00| 0 eng d
041 _aeng
080 _a070
100 _a40
101 _aMED
245 _aPUBLIC SPEAKING STARTEGIES FOR SUCCESS
_cZAREFSKY.D
942 _2udc
_cBK
999 _c26224
_d26224